National Animals - Statistics

General Stats
  • This quiz has been taken 118 times
  • The average score is 59 of 194
Answer Stats
Country Animal % Correct
Georgia Wolf \ Lion
85%
Ethiopia Abyssinian Lion
83%
Kenya African Lion
83%
Liberia Asiatic Lion
83%
Iran Asiatic Lion \ Persian Lion
83%
Libya | Morocco Barbary Lion
83%
United Kingdom Bulldog \ Lion \ Red Kite
83%
Czechia Double-tailed Lion
83%
Germany German Eagle \ Bundesadler
83%
Armenia Golden Eagle \ Lion
83%
Belgium | Bulgaria | Cameroon | +5 others Lion
83%
Chad Mountain Goat \ Lion
83%
Luxembourg Red Lion
83%
Burundi Transvaal Lion
83%
Ghana Tawny Eagle
81%
Mozambique African Bush Elephant
69%
Central African Republic | Guinea | Ivory Coast African Forest Elephant
69%
Laos | Thailand Asian Elephant
69%
United States Bald Eagle \ American Bison
59%
Estonia | Türkiye Grey Wolf
52%
Pakistan Markhor \ Snow Leopard
52%
Greece Dolphin
50%
Serbia Eurasian Wolf
50%
China Giant Panda
50%
Portugal Iberian Wolf
50%
Italy Italian Wolf
50%
Azerbaijan Karabakh Horse
50%
Tuvalu Pantropical Spotted Dolphin
50%
Afghanistan | Kyrgyzstan Snow Leopard
50%
Turkmenistan Akhal-Teke Horse
48%
San Marino Horse
48%
Slovenia Lipizzaner Horse
48%
Burkina Faso White Stallion
48%
Andorra Bruna d'Andorra Cow
46%
Nepal Cow
46%
Switzerland Fleckvieh Cow
46%
Australia Red Kangaroo
46%
Eritrea | Kuwait | Saudi Arabia Arabian Camel
44%
Tunisia Dromedary Camel
44%
Benin | Somalia Leopard
44%
Rwanda African Leopard
43%
Yemen Arabian Leopard
43%
Norway Eurasian Elk
43%
Costa Rica White-tailed Deer \ Two-toed Sloth
43%
Marshall Islands Black-footed Cat
41%
Congo Forest Sitatunga \ White-tailed Deer
41%
Equatorial Guinea | Tanzania Giraffe
41%
Chile Huemul \ South Andean Deer
41%
New Zealand Kiwi
41%
Honduras White-tailed Deer
41%
Mongolia Saker Falcon
39%
France Gallic Rooster
37%
Guyana Jaguar
37%
Lesotho Black Rhinoceros
35%
Finland | Russia | Syria Brown Bear
35%
Indonesia Komodo Dragon
35%
Canada North American Beaver
35%
Botswana Plains Zebra
35%
Spain Spanish Fighting Bull
35%
Djibouti Elk \ Wapiti
33%
Sweden Eurasian Elk
33%
Mauritius Dodo
30%
Belarus European Bison
30%
Vietnam Water Buffalo
30%
Dominica Sisserou Parrot
28%
Montenegro Balkan Lynx
26%
Bangladesh | India Bengal Tiger
26%
Romania Eurasian Lynx
26%
Comoros Mongoose Lemur
26%
Monaco Rabbit \ Hedgehog \ Wood Mouse
26%
Madagascar Ring-tailed Lemur
26%
Gambia Spotted Hyena
26%
Lebanon Striped Hyena
26%
Mali Vulture
26%
St. Kitts and Nevis Brown Pelican
24%
Niger Dama Gazelle
24%
Grenada Grenada Dove
24%
Tajikistan Marco Polo Sheep
24%
Israel Mountain Gazelle
24%
Timor-Leste Saltwater Crocodile
24%
Eswatini | Malawi Thomson's Gazelle
24%
Sierra Leone Western Chimpanzee
24%
Vatican City Dove
22%
Bahamas Flamingo
22%
Palau Palau Fruit Dove
22%
Angola Giant Sable Antelope
20%
Myanmar (Burma) Green Peafowl \ Peacock
20%
Uganda Grey Crowned Crane
20%
Bolivia Llama
20%
South Africa Springbok
20%
Belize Baird's Tapir
19%
Guinea-Bissau | Nigeria Black Crowned Crane
19%
Albania | Austria | Kazakhstan | Mexico Golden Eagle
19%
Ireland Irish Hare
19%
Samoa Manumea \ Tooth-billed Pigeon
19%
Lithuania White Stork
19%
Fiji Fiji Banded Iguana
17%
Vanuatu Polynesian Banded Iguana
17%
Bahrain | Jordan | Oman | +2 others Arabian Oryx
15%
Seychelles Giant Tortoise
15%
Algeria Fennec Fox
13%
Namibia Gazelle Oryx \ Gemsbok
13%
Dem. Rep. of the Congo Okapi
13%
South Korea Siberian Tiger
13%
Malaysia Malayan Tiger
11%
Cabo Verde West African Manatee
11%
Maldives Yellowfin Tuna
11%
Colombia | Ecuador Andean Condor
9%
Guatemala Resplendent Quetzal
9%
Iceland Gyrfalcon
7%
Panama Harpy Eagle
7%
Cambodia Kouprey
7%
Philippines Philippine Eagle
7%
Peru Vicuña
7%
Micronesia Chuuk Flying Fox \ Pohnpei Fruit Bat
6%
Kiribati Frigatebird
6%
Nauru Great Frigatebird
6%
Japan Green Pheasant
6%
Solomon Islands Hawksbill Sea Turtle
6%
Brazil Rufous-belled Thrush
6%
Moldova Auroch
4%
Zimbabwe Bateleur
4%
North Korea Chollima
4%
Cuba Cuban Trogon
4%
Croatia European Pine Marten
4%
Liechtenstein Lesser Kestrel
4%
Ukraine Nightingale
4%
St. Lucia Saint Lucia Amazon
4%
São Tomé and Príncipe São Tomé Shrew
4%
Sudan Secretary Bird
4%
El Salvador | Nicaragua Turquoise-browed Motmot
4%
Latvia White Wagtail
4%
Gabon Black Panther
2%
Iraq Chukar Partridge
2%
Cyprus Cyprus Mouflon
2%
Antigua and Barbuda European Fallow Deer
2%
Haiti Hispaniolan Trogon
2%
Dominican Republic Palmchat
2%
Papua New Guinea Raggiana Bird-of-paradise
2%
Jamaica Red-billed Streamertail
2%
Denmark Red Squirrel
2%
Argentina Rufous hornero
2%
St. Vincent and the Grenadines Saint Vincent Amazon
2%
Sri Lanka Sri Lankan Junglefowl
2%
Slovakia Tatra Chamois
2%
Venezuela Venezuelan Troupial
2%
Brunei White-bellied Sea Eagle
2%
Poland White-tailed Eagle
2%
South Sudan | Zambia African Fish Eagle
0%
Mauritania African Wildcat
0%
Suriname Lesser Kiskadee
0%
Barbados Mahi-Mahi \ Dolphinfish
0%
Paraguay Pampas Fox
0%
Malta Pharaoh Hound
0%
Trinidad and Tobago Scarlet Ibis \ Cocrico
0%
Uruguay Southern Lapwing
0%
Egypt Steppe Eagle
0%
Bhutan Takin
0%
Tonga Tongan Megapode
0%
Bosnia and Herzegovina Tornjak
0%
Uzbekistan Turkestan Sand Cat
0%
Hungary Turul
0%
No matching quizzes found
Score Distribution
Percent of People with Each Score
Percentile by Number Answered
Your Score History
You have not taken this quiz